Sports Quiz

Random Sports or NBA Quiz

Anyone but Michael Jordan Quiz Stats

 Plays Quiz Updated Oct 6, 2018

Score 0/36 Timer 06:00
21 Plays Today
Hint Answer % Correct
Were Awarded Associated Press Athlete of the YearLeBron James
92.7%
Scored 5,000+ Playoff PointsLeBron James
92.6%
Were Part of the Bulls' First Three-Peat (1991-1993)Scottie Pippen
91.3%
Scored 5,000+ Playoff PointsKobe Bryant
87.8%
Were Selected to 9 NBA All-Defensive First TeamsKobe Bryant
87.8%
Scored 5,000+ Playoff PointsShaquille O'Neal
69.5%
Scored 5,000+ Playoff PointsKareem Abdul-Jabbar
68.8%
Were Selected to the All-Star Game at Age 38 or AboveKareem Abdul-Jabbar
67.9%
Were Awarded Associated Press Athlete of the YearLarry Bird
67%
Were Drafted in 1984 and Selected to the All-NBA TeamHakeem Olajuwon
66.7%
Won 4+ Scoring TitlesWilt Chamberlain
65.8%
Scored 5,000+ Playoff PointsTim Duncan
64.4%
Were Selected to the All-Star Game at Age 38 or AboveTim Duncan
64.4%
Were Selected to the All-Star Game at Age 38 or AboveKarl Malone
63.5%
Were Slam Dunk Contest Champion in the 1980'sDominique Wilkins
63.2%
Won 4+ Scoring TitlesKevin Durant
61.6%
Were Drafted in 1984 and Selected to the All-NBA TeamJohn Stockton
53.1%
Were Part of the Bulls' First Three-Peat (1991-1993)Horace Grant
53%
Hint Answer % Correct
Were Drafted in 1984 and Selected to the All-NBA TeamCharles Barkley
51.4%
Won 4+ Scoring TitlesAllen Iverson
51.1%
Were Slam Dunk Contest Champion in the 1980'sSpud Webb
46.3%
Were Awarded Associated Press Athlete of the YearStephen Curry
42.6%
Were Selected to 9 NBA All-Defensive First TeamsGary Payton
38.5%
Were Part of the Bulls' First Three-Peat (1991-1993)B. J. Armstrong
36%
Were Selected to 9 NBA All-Defensive First TeamsKevin Garnett
34.2%
Were Part of the Bulls' First Three-Peat (1991-1993)Bill Cartwright
34.1%
Were Part of the Bulls' First Three-Peat (1991-1993)John Paxson
31.7%
Were Selected to the All-Star Game at Age 38 or AboveSteve Nash
26.9%
Were Drafted in 1984 and Selected to the All-NBA TeamAlvin Robertson
26.1%
Won 4+ Scoring TitlesGeorge Gervin
23.8%
Were Slam Dunk Contest Champion in the 1980'sLarry Nance
20.6%
Were Part of the Bulls' First Three-Peat (1991-1993)Scott Williams
16.8%
Were Part of the Bulls' First Three-Peat (1991-1993)Stacey King
16%
Were Slam Dunk Contest Champion in the 1980'sKenny Walker
12.1%
Were Part of the Bulls' First Three-Peat (1991-1993)Will Perdue
11.2%
Were Drafted in 1984 and Selected to the All-NBA TeamKevin Willis
6.4%

You're not logged in!

Compare scores with friends on all Sporcle quizzes.
OR
Log In

Sporcle TV

Today on Sporcle TV


Watch our educational content, quiz creation guides, and fun videos on Sporcle TV.

Show Comments

Extras

Top Quizzes Today


Score Distribution

Your Account Isn't Verified!

In order to create a playlist on Sporcle, you need to verify the email address you used during registration. Go to your Sporcle Settings to finish the process.

Report this User

Report this user for behavior that violates our Community Guidelines.

Details: